| 000 | 00810cab a2200265 4500 | ||
|---|---|---|---|
| 001 | ABS57684 | ||
| 008 | 090401t1997 xxu||||| |||| 00| 0 eng d | ||
| 035 | _a(Sirsi) u80812 | ||
| 041 | _aeng | ||
| 100 | _aSeidl, A. | ||
| 245 | _aLooking for a free ride | ||
| 260 | _c1997 | ||
| 350 | _a0 | ||
| 490 |
_aEstates Gazette _v(9735) 30 August 1997, 32-33(2) |
||
| 520 | _aExamines how government plans to lessen road congestion may be realised through planning gain following the issue of the consultation paper on transport. | ||
| 650 | _aCONSULTATION PAPER | ||
| 650 | _aINTEGRATED TRANSPORT | ||
| 650 | _aPLANNING GAIN | ||
| 650 | _aPUBLIC TRANSPORT | ||
| 650 | _aROAD CONGESTION | ||
| 650 | _aTRANSPORT POLICY | ||
| 690 | _aTRANSPORT AND COMMUNICATIONS | ||
| 942 | _n0 | ||
| 948 | _c12/09/1997 | ||
| 999 |
_c50892 _d50892 |
||